00737nam a2200193 a 450000100100000000500170001000800410002704000250006808200140009310000280010724500730013526000420020830000210025050000380027150400310030904900090034095201770034999900170052600002765520200930031008.0110404s1977 dr 000 0 spa d aDO-SdBNPbspacBNPHU axxxbE74b1 aEscobal, Luis S.93843810aBiografía de la catedral primada de las indias /cLuis S. Escobal. aSanto Domingo :bAlfa y Omega,c1977. a192 p. ;c22 cm. aIncluye notas al pie de páginas aBibliografías p. 191-192 aBNPD 0010718PDaPDbPDcHDd2011-04-04iLF1l0oxxx E74bp27655-10r2020-06-25w2020-06-25yLFPDzPerteneció a la biblioteca personal de Germán Emilio Ornes.ZNo se presta c27147d27147